LEADER 01262nam a2200241 i 4500 001 000000166683 003 CaOOAMICUS 005 20071210000000.0 008 071210s1963 it u000 u ita u 013 $a144052 040 $aSeMil$bita 100 1 $aGallarati Scotti, Tommaso,$d<1878-1966>.$0(OLS)http://semarc/name/35356 245 10$aIdee e orientamenti politici e religiosi al comando supremo :$bappunti e ricordi /$cTommaso Gallarati Scotti. 260 $aRoma :$bCinque Lune,$c1963. 300 $a9 p. ;$c21 cm. 500 $aSul verso del front. : Comunicazione presentata al Convegno tenuto a Spoleto il 7-8-9 settembre 1962 sul tema: Benedetto 15., i cattolici e la prima guerra mondiale. - Estratto dal vol. degli atti del Convegno. 600 04$aBenedetto XV .$0(OLS)http://semarc/subject/2398 650 4$aGuerra mondiale <1914-1918> - Cattolici.$0(OLS)http://semarc/subject/26856 850 $aSeMil 852 $aSeMil$W1$xVenegono$y1$m5D VII 16/12$j117846$B117846$CSeMilBibl$Z2$F129820 $81 961 $aRecupero: Altro 996 $6245$aIdee e orientamenti politici e religiosi al comando supremo :$bappunti e ricordi$9(OLS)http://semarc/title/238244 996 $6260$aRoma :$bCinque Lune$9(OLS)http://semarc/publisher/31289 LEADER 01442nam a2200301 i 4500 001 000000035374 003 CaOOAMICUS 005 20070614000000.0 008 070614s1989 it u000 u ita u 013 $a3561 020 $a88-343-0438-1 040 $aSeMil$bita 100 1 $aPaolazzi, Carlo,$c.$0(OLS)http://semarc/name/90352 245 10$aDante e la «Comedia» nel Trecento :$bdall'Epistola a Cangrande all'età di Petrarca /$cCarlo Paolazzi ; Prefazione di Francesco Mazzoni. 260 $aMilano :$bVita e Pensiero,$ccopyr. 1989. 300 $aX, 324 p. ;$c22 cm. 490 0 $aScienze filologiche e letteratura ;$v39 500 $aContiene : Appendice. 600 14$aAlighieri, Dante <1265-1321>.$0(OLS)http://semarc/subject/2905 650 4$aLetteratura italiana - Storia - Sec. 14.$0(OLS)http://semarc/subject/434 700 1 $aMazzoni, Francesco <1925-2007>.$0(OLS)http://semarc/name/16463 830 0$aScienze filologiche e letteratura ;$v39.$0(OLS)http://semarc/title/10462 850 $aSeMil 852 $aSeMil$W1$xVenegono$y1$m1D VI 75$j1529$B1529$CSeMilBibl$Z2$F1529 $81 961 $aAcquisto: Vita e Pensiero 996 $6020$a88-343-0438-1$9(OLS)http://semarc/number/3561 996 $6245$aDante e la «Comedia» nel Trecento :$bdall'Epistola a Cangrande all'età di Petrarca$9(OLS)http://semarc/title/48389 996 $6260$aMilano :$bVita e Pensiero$9(OLS)http://semarc/publisher/29642